01635nam a2200241 a 450000100100000000500170001000800410002704000250006808200160009310000440010924501510015326000570030430000320036159000270039370000330042070000340045395201790048795201790066695201790084595201730102495201790119799900170137600004735420201002060509.0180508s1973 dr a 000 0 spa d aDO-SdBNPbspacBNPHU axxxxbR696p1 aRodríguez de Fernández, Aida97501010aPoesías, adivinanzas y canciones :bpara niños /cAida Rodríguez de Fernández ; música Luis F. Alberti ; ilustraciones Bárbara Suncar. aSanto Domingo :bCedcapbCultural Dominicana,c1973. a57 p. :bil. mus. ;c23 cm. aInventariado, 2018/ YL1 aAlberti, Luis F.emus9619951 aSuncar, Bárbaraeil.975011 0010718DSaGRbGRcCTd2018-05-08iLF1l0oxxxx R696pp47354-30r2020-06-25te. 3w2020-06-25yLFDSzPerteneció a la biblioteca personal de Bárbara SuncarZNo se presta 0010718DSaGRbGRcCTd2018-05-08iLF1l0oxxxx R696pp47354-40r2020-06-25te. 4w2020-06-25yLFDSzPerteneció a la biblioteca personal de Bárbara SuncarZNo se presta 0010718DSaGRbGRcCTd2018-05-08iLF1l0oxxxx R696pp47354-50r2020-06-25te. 5w2020-06-25yLFDSzPerteneció a la biblioteca personal de Bárbara SuncarZNo se presta 0010718PDaPDbPDcCTd2018-05-08iLF1l0oxxxx R696pp47354-10r2020-06-25w2020-06-25yLFPDzPerteneció a la biblioteca personal de Bárbara SuncarZNo se presta 0010718PDaPDbPDcCTd2018-05-08iLF1l0oxxxx R696pp47354-20r2020-06-25te. 2w2020-06-25yLFPDzPerteneció a la biblioteca personal de Bárbara SuncarZNo se presta c46842d46842